[Event "Nuremberg-ch op 05th"]
[Site "Nuremberg"]
[Date "2005.05.07"]
[Round "3"]
[White "Haeckler, David"]
[Black "Heimrath, Reiner"]
[Result "0-1"]
[WhiteElo "1820"]
[BlackElo "2144"]
[PlyCount "66"]
[EventDate "2005.05.06"]
[EventType "swiss"]
[EventRounds "5"]
[EventCountry "GER"]
[SourceTitle "EXT 2007"]
[Source "ChessBase"]
[SourceDate "2006.11.23"]
[SourceVersion "1"]
[SourceVersionDate "2006.11.23"]
[SourceQuality "1"]

1. e4 e5 2. f4 d5 3. exd5 exf4 4. Nf3 Nf6 5. d4 Nxd5 6. Nc3 Bb4 7. Bd2 Bxc3 8. bxc3 0-0 9. Be2 Bg4 10. 0-0 Nd7 11. c4 Ne3 12. Bxe3 fxe3 13. Rb1 b6 14. h3 Bh5 15. Nh2 Bg6 16. Bf3 Qe7 17. Re1 Rad8 18. Rb3 Qe6 19. Rexe3 Qxc4 20. Rec3 Qa4 21. Ra3 Qb4 22. Rab3 Qd6 23. Rc6 Qf4 24. Qa1 Nf6 25. c3 Ne4 26. Nf1 Rfe8 27. Ra3 a5 28. Qd1 Re7 29. Rb3 Rde8 30. Rb2 Ng5 31. Be2 Be4 32. Rc4 Bd5 33. Ra4 h5 0-1

[Event "Mittelfranken-ch HT 53rd"]
[Site "Lauf"]
[Date "2004.04.06"]
[Round "2"]
[White "Weinmann, Stefan"]
[Black "Haeckler, David"]
[Result "1/2-1/2"]
[WhiteElo "1946"]
[BlackElo "1710"]
[PlyCount "58"]
[EventDate "2004.04.06"]
[EventType "swiss"]
[EventRounds "9"]
[EventCountry "GER"]
[SourceTitle "EXT 2011"]
[Source "ChessBase"]
[SourceDate "2010.11.26"]
[SourceVersion "1"]
[SourceVersionDate "2010.11.26"]
[SourceQuality "1"]

1. d4 Nf6 2. c4 g6 3. Nc3 d6 4. e4 Nbd7 5. Be3 e5 6. d5 Bg7 7. f3 0-0 8. Nge2 Ne8 9. Qd2 b6 10. Nc1 f5 11. Nd3 f4 12. Bf2 Nc5 13. Nb4 Bd7 14. Nc2 Nb7 15. Be2 Nf6 16. g4 h6 17. b4 a5 18. a3 axb4 19. axb4 Qe7 20. 0-0 Nh7 21. Na3 Ng5 22. Kg2 h5 23. h4 hxg4 24. hxg5 gxf3+ 25. Bxf3 Qxg5+ 26. Kh2 Kf7 27. Bg2 Qh5+ 28. Kg1 Rh8 29. Bg3 Ke7 1/2-1/2

[Event "Mittelfranken-ch QT 52nd"]
[Site "Uttenreuth"]
[Date "2003.04.16"]
[Round "2"]
[White "Muenzenberg, Dietrich"]
[Black "Haeckler, David"]
[Result "1/2-1/2"]
[WhiteElo "1646"]
[BlackElo "1307"]
[PlyCount "51"]
[EventDate "2003.04.16"]
[EventType "swiss"]
[EventRounds "7"]
[EventCountry "GER"]
[SourceTitle "EXT 2015"]
[Source "ChessBase"]
[SourceDate "2014.11.20"]
[SourceVersion "1"]
[SourceVersionDate "2014.11.20"]
[SourceQuality "1"]

1. d4 Nf6 2. Bg5 e6 3. Nd2 d5 4. f3 c5 5. c3 Nc6 6. e3 Be7 7. Bd3 Bd7 8. Ne2 Qc7 9. Bc2 Bd6 10. f4 h6 11. Bxf6 gxf6 12. Nf3 0-0-0 13. Ba4 Rhg8 14. g3 Na5 15. Bxd7+ Qxd7 16. b3 c4 17. Qc2 Qb5 18. b4 Nc6 19. Kf2 Ne7 20. Qh7 Rdf8 21. Qxh6 Ng6 22. a4 Qd7 23. Qh3 Rh8 24. Qf1 e5 25. Qd1 e4 26. Nd2 1/2-1/2